外島書

資料類型: Book 圖書   書目號:41943

Leader xxxxxxxxxx
001 __ PCLIS00041943
005 __ 20211014083444.0
010 0_ |a978-986-6745-44-7|b平裝|dNT$350
042 __ |anbic
100 __ |a20080818d2008    m  y0chiy09      e
101 0_ |achi
102 __ |atw
105 __ |ay   z   000ay
200 1_ |a外島書|f何致和著
205 __ |a初版
210 __ |a臺北市|c寶瓶文化出版|a臺北縣五股工業區|c大和書報總經銷|d2008[民97]
215 0_ |a445面|d21公分
225 2_ |aIsland|v98
461 _0 |12001 |aIsland|v98
681 __ |a857.7|b8776
681 __ |a857.7|b8776 97
681 __ |a857.7|b2112-2
700 _1 |a|b致和|f1967- |4801 _0 |atw|b靜宜|gCCR|c20081023
801 _2 |atw|b高師|gCCR|c20081211
801 _1 |atw|b內湖高中|gCCR|c20100326
801 _2 |atw|b內湖高中|gCCR|c20211014|gCCR
詳細館藏(共 1 筆)
索 書 號登 錄 號冊次號館別 / 館藏地流通類型狀態加入預約清單電子資源
857.7 / 8776 2017794  圖書館 / 一樓普通區 可外借30天 在館   

| 條列資料




目錄查詢 分類查詢 個人資料 圖書薦購 新書查詢 閉館日 排行榜 更多電子資源 Hami書城 線上資料庫 登出

From : 216.73.217.52

  本日流通累計至 03:31:48 借閱 : 0 次 續借 : 0 次 歸還 : 0 次 預約 : 0 次 電子資源 : 0 次


內湖高中圖書館  PCLIS 版本  26.5.0.12